Aproximación al lenguaje esperpéntico: la corte de los milagros

সংরক্ষণ করুন:
গ্রন্থ-পঞ্জীর বিবরন
প্রধান লেখক: García Gallarín, Consuelo (Author)
বিন্যাস: গ্রন্থ
ভাষা:স্প্যানিশ
প্রকাশিত: Madrid José Porrúa Turanza 1986
বিষয়গুলি:
ট্যাগগুলো: ট্যাগ যুক্ত করুন
কোনো ট্যাগ নেই, প্রথমজন হিসাবে ট্যাগ করুন!

MARC

LEADER 00000nam a2200000 a 4500
001 UCQ8041
003 CL-VaPUC
008 981127e19860000SP |||||||||||||||||spa|d
082 0 4 |a 863.09  |b GAR  |2 21 
100 |a García Gallarín, Consuelo  |e author  |9 455939 
245 1 0 |a Aproximación al lenguaje esperpéntico: la corte de los milagros 
300 |a 157 p 
942 |c BK 
945 |d 19981127 00:00:00  |a crobeson 
260 |a Madrid  |b José Porrúa Turanza  |c 1986 
600 0 7 |a VALLE-INCLAN, RAMON MARIA DEL  |2 CL-VaPUC  |9 419495 
650 7 |a NOVELA ESPAÑOLA  |2 CL-VaPUC  |9 313139 
650 0 |a Literatura española  |9 306261 
650 0 |a Crítica e interpretación   |9 255042 
583 |a last modification  |c 19981127 00:00:00  |k Rodrigo Vera 
999 |c 277407  |d 277405 
952 |0 0  |1 0  |4 0  |6 863_090000000000000_GAR_1986  |7 0  |8 A  |9 315310  |a FDOPOS  |b FDOPOS  |d 2019-11-20  |i 1496360  |o 863.09 GAR 1986  |p 1496360  |r 2025-01-22  |w 2019-11-20  |y BK  |k MLH